000 01087nam0a22002771 4500
001 v19\rc\2004608
005 20251118181323.7
035 _a(NLR Aleph) 005079791
090 _a7184300
_c7184300
100 _a20080811d1915 u y0rusy50 ca
101 0 _arus
102 _aRU
105 _ay z |||||
200 1 _aЖелезнодорожный код, составленный Я. Лукиным
_eПрил. к вопросу 29-му 16 Сов. Съезда пред. Сл. телеграфа
210 _aПетроград
_cтип. П.П. Сойкина
_d1915
215 _a61 с.
_d22
422 0 _12001#$a16 Совещательный Съезд представителей службы телеграфа$eВопрос 29
_t16 Совещательный Съезд представителей службы телеграфа
700 1 _aЛукин
_bЯ.
_4220
801 0 _aRU
_bNLR
_gpsbo
801 0 _aRU
_bRuMoRGB
_2psbo
801 1 _aRU
_bProSoft-M
_2rusmarc
852 _aNLR
_j37.57.5.218
899 _aRuMoRGB
_jV 84/181
899 _aБАН
942 _cBOOK
980 _aNB